BIBLIOTECA PODER JUDICIAL
Portal Judicial TDF

Los derechos de los sindicatos minoritarios en el marco de la negociación colectiva desde la perspectiva de los órganos de control de la OIT y su proyección en la legislación nacional / (Registro nro. 5323)

000 -LEADER
fixed length control field 01284nab a22002177a 4500
003 - CONTROL NUMBER IDENTIFIER
control field OSt
005 - DATE AND TIME OF LATEST TRANSACTION
control field 20250220113330.0
008 - FIXED-LENGTH DATA ELEMENTS--GENERAL INFORMATION
fixed length control field 190605e xxu||||| |||| 00| 0 spa d
040 ## - CATALOGING SOURCE
Transcribing agency PJ
245 10 - TITLE STATEMENT
Title Los derechos de los sindicatos minoritarios en el marco de la negociación colectiva desde la perspectiva de los órganos de control de la OIT y su proyección en la legislación nacional /
260 ## - PUBLICATION, DISTRIBUTION, ETC. (IMPRINT)
Place of publication, distribution, etc Ciudad Autónoma de Buenos Aires :
Name of publisher, distributor, etc Thomson Reuters La Ley,
Date of publication, distribution, etc 2025.
300 ## - PHYSICAL DESCRIPTION
Extent p. 40-45
500 ## - GENERAL NOTE
General note Cita Online: AR/DOC/3134/2024.
505 ## - FORMATTED CONTENTS NOTE
Formatted contents note Sumario: I. La negociación colectiva como derecho exclusivo en la jurisprudencia de la CS.— II. Los derechos de los sindicatos minoritarios en el marco de la negociación colectiva.— III. La crítica de los sindicatos sin personería gremial al fallo "Ademus".— IV. El voto del juez Horacio Rosatti.— V. Conclusiones.<br/><br/>
505 ## - FORMATTED CONTENTS NOTE
Title ¿Te interesa el texto completo? Solicitalo al correo: koha@justierradelfuego.gov.ar<br/>
650 #0 - SUBJECT ADDED ENTRY--TOPICAL TERM
9 (RLIN) 1316
Topical term or geographic name as entry element DERECHO LABORAL
650 #0 - SUBJECT ADDED ENTRY--TOPICAL TERM
9 (RLIN) 1367
Topical term or geographic name as entry element ASOCIACIONES SINDICALES
650 #0 - SUBJECT ADDED ENTRY--TOPICAL TERM
9 (RLIN) 1346
Topical term or geographic name as entry element NEGOCIACION COLECTIVA
773 0# - HOST ITEM ENTRY
Host Biblionumber 2711
Host Itemnumber 3168
Place, publisher, and date of publication Ciudad Autónoma de Buenos Aires : Thomson Reuters La Ley, 1999-2002.
Title Revista de derecho del trabajo. Nº 1 - Enero 2025
942 ## - ADDED ENTRY ELEMENTS (KOHA)
Source of classification or shelving scheme
Koha item type Analítica Artículo de Revista

No hay ítems disponibles.

12 de Octubre 789 Ushuaia - Tel:  54(02901)441571
Horario de Atención: 8.00 a 17.00 hs. 
bibliotecaush@justierradelfuego.gov.ar
koha@justierradelfuego.gov.ar
Seguinos en nuestras redes @bibliojustdf 

Con tecnología Koha